000 00897cam a22002531 4500
001 pa 66000028
003 DLC
005 20260227111857.0
008 750813s1966 xx 000 0 spa
010 _apa 66000028
035 _a(OCoLC)1544344
040 _aDLC
_cFU
_dDLC
042 _apremarc
050 0 0 _aZ695
_b.R68 1966
100 1 _aRovira, Carmen.
245 1 4 _aLos epígrafes en el catálogo diccionario;
_bcon un código de reglas para la asignación de epígrafes en las bibliotecas de habla española,
_cpor Carmen Rovira.
250 _a2. ed., rev.
260 _aWashington,
_bUnión Panamericana,
_c1966.
300 _avi, 134 p.
_c28cm.
490 1 _aUnión Panamericana. Biblioteca Colón. Estudios bibliotecarios,
_vno. 9
504 _aIncludes bibliographies.
650 0 _aSubject headings.
810 2 _aColumbus Memorial Library.
_tEstudios bibliotecarios ;
_vno. 9.
999 _c51589
_d51589